| 000 | 01131cam a22002895a 4500 | ||
|---|---|---|---|
| 001 | ocm70707891 | ||
| 003 | OSt | ||
| 005 | 20180305153634.0 | ||
| 008 | 060724t2007 njua frb 001 0 eng d | ||
| 020 | _a0136135536 | ||
| 020 | _a9780136135531 | ||
| 040 |
_aDLC _cDLC _dBAKER _dC#P _dEG-ScBUE _beng |
||
| 082 | 0 | 4 |
_222 _a004.36 _bTAN |
| 100 | 1 |
_aTanenbaum, Andrew S., _d1944- _936862 |
|
| 245 | 1 | 0 |
_aDistributed systems : _bprinciples and paradigms / _cAndrew S. Tanenbaum, Maarten Van Steen. |
| 250 | _a2nd ed., Pearson international ed. | ||
| 260 |
_aUpper Saddle RIiver : _bPearson Prentice Hall / Prentice Hall, _cc.2007. |
||
| 300 |
_axviii, 686 p. : _bill. ; _c25 cm. |
||
| 504 | _aIncludes bibliographical references and index. | ||
| 650 | 7 |
_aElectronic data processing _xDistributed processing. _2BUEsh _94260 |
|
| 650 | 7 |
_aDistributed operating systems (Computers) _2BUEsh _911315 |
|
| 651 | _2BUEsh | ||
| 653 |
_bGGEN _bCOMSCI _cMarch2018 |
||
| 700 | 1 |
_aSteen, Maarten van. _911316 |
|
| 856 | 4 | 1 |
_3Table of contents only _uhttp://www.loc.gov/catdir/toc/ecip0617/2006024063.html |
| 942 | _2ddc | ||
| 999 |
_c26242 _d26214 |
||